| 000 | 01079nam a22002655a 4500 | ||
|---|---|---|---|
| 003 | OSt | ||
| 005 | 20170214152831.0 | ||
| 008 | 170213s2013 ua frb 000 0 ara d | ||
| 015 | _a2013 / 1969 | ||
| 020 | _a9789770471869 | ||
| 040 |
_aEG-ScBUE _bara _cEG-ScBUE |
||
| 043 | _af-ua--- | ||
| 082 | 0 | 4 |
_a346.620437 _bم ح م _222 |
| 100 | 1 | _aمحمد، مندي حمزة. | |
| 245 | 1 | 2 |
_aالمشكلات العملية في نظام السجل العيني : _bنظرية متأنية وحلول مقترحة / _cمندي حمزة محمد. |
| 260 |
_aالقاهرة : _bدار النهضة العربية، _c2013. |
||
| 300 |
_a124 ص. ؛ _c24 سم. |
||
| 504 | _aيشتمل على إرجاعات ببليوجرافية. | ||
| 650 | 0 |
_aالملكية العقارية _2BUEsh _940901 _xقوانين وتشريعات _zمصر. |
|
| 650 | 0 |
_aالشهر العقاري _xقوانين وتشريعات _zمصر. _2BUEsh |
|
| 650 | 0 |
_aملكية الأراضي _xقوانين وتشريعات _zمصر _2BUEsh |
|
| 651 | _2BUEsh | ||
| 653 |
_bLLAAWW _cFebruary2017 |
||
| 942 | _2ddc | ||
| 999 |
_c24152 _d24124 |
||